000 01056cam a22003257a 4500
003 CHAP
005 20220817044035.0
008 050819d2000 ne a r 00110 eng d
010 _a90721
011 _a91693
020 _a0444502696
035 _a102254
040 _cCHAP
082 0 4 _a581.192
_bK8
100 0 0 _aKumar Gupta, Anil.
_964070
245 1 0 _aCarbohydrate reserves in plants :
_bsynthesis and regulation
_c/por Anil Kumar Gupta
260 _aAmsterdam :
_bElsevier
_c2000
300 _a372 p. :
_bilus.; gráfs.; cuadros
490 0 _aDevelopments in crop science
_v;26
590 _aBATCH-UPD
_b10
_c20130110
_lUCH01
_h0510
590 _aCONVERSION
_b10
_c20130109
_lUCH01
_h1350
650 1 4 _aCarbohidratos.
_918810
650 1 4 _aCarbohidratos
_xEfecto en plantas.
_918811
650 1 4 _aPlantas
_xCarbohidratos en.
_988794
830 0 _aDevelopments in crop science
_v;26
901 _aBK
905 _aElisama A. H.
942 _cLIBRO
949 _a581.192 K8
_bBC
_cLIBRO
_d33724000958559
_eLIBRO
_gI.225248
_h106381
_i102254
_sb
_t$2,256.00
999 _c90721
_d90721